Arsenal and Tottenham Combined Starting Xi 16/17 - Statistics

General Stats
  • This quiz has been taken 47 times
  • The average score is 10 of 11
Answer Stats
Hint Answer % Correct
FW(England Harry Kane
100%
FW(South korea Heung-Min Son
100%
GK(France Hugo Lloris
100%
FW(Chile Alexis Sanchez
98%
DF(Belgium Jan Vertonghen
98%
MF(Denmark Christian Eriksen
95%
MF(Germany Mesut Özil
90%
DF(Belgium Toby Alderweireld
88%
MF(England Dele Alli
80%
DF(England Kyle Walker
65%
DF(Spain Nacho Monreal
60%
No matching quizzes found
Score Distribution
Percent of People with Each Score
Percentile by Number Answered
Your Score History
You have not taken this quiz